| 000 | 00816nam a2200205 i 4500 | ||
|---|---|---|---|
| 001 | 63015 | ||
| 003 | ES-MaACL | ||
| 005 | 20250911063534.0 | ||
| 007 | t| | ||
| 008 | 031127s1927 sp ||||1| spa d | ||
| 100 | 1 |
_aFernández de Velasco, Recaredo, _dn. 1889- _949721 |
|
| 245 | 1 | 4 |
_aLos contratos administrativos _b: doctrina general, legislación española, con inclusión de los estatutos municipal y provincial ... / _cRecaredo Fernández de Velasco Calvo. |
| 260 |
_aMadrid : _b[Espasa-Calpe, _c1927] |
||
| 300 |
_a426 p. ; _c23 cm. |
||
| 490 | 1 |
_aBiblioteca de la Revista de Derecho Privado. Serie B ; _v4 |
|
| 650 | 0 | 4 |
_aContratos administrativos- _xEspaña. _911327 |
| 830 | 0 | 0 |
_aBiblioteca de la Revista de derecho privado _v4 _9182876 |
| 852 |
_aES-MaACL _jA-1423 |
||
| 999 |
_c63015 _d63015 |
||